| 000 | 00417pab a2200145 454500 | ||
|---|---|---|---|
| 008 | 180718b1984 xxu||||| |||| 00| 0 eng d | ||
| 100 | _aHarberger, Arnold C. | ||
| 245 | _aBasic needs versus distributional weights in social cost - benefit analysis | ||
| 260 | _c1984 | ||
| 300 | _a455-74 | ||
| 362 | _aApr. | ||
| 650 | _aCost - Benefit Analysis | ||
| 773 | _aEconomic Development and Cultural Change | ||
| 909 | _a6784 | ||
| 999 |
_c6784 _d6784 |
||